000
00286nam a2200121Ia 4500
008
220204s9999 xx 000 0 und d
082
_a
359
_b
NOE
100
_a
NOEL, John V
245
0
_a
Division officer's guide
250
_a
Ed.8
260
_a
Maryland
_b
Naval Inst
_c
1982
942
_c
BK
999
_c
38900
_d
38900